000 00700nam a2200253Ia 4500
003 OSt
005 20221005032004.0
006 a|||||r|||| 00| 0
007 ta
008 221004b |||||||| |||| 00| 0 tam d
020 _c3.60
024 _a64175
037 _cTextual
040 _aCRL
_cCRL
_btam
041 _2tam
_atam
082 _aO31,3N163x, K7
100 _aRamamoorthy Thu. Au.
_9584634
245 0 _aKadhambacharam Siriththathu
260 _aChennai
_bThamizh Ezhuthalar Kootturavu Sangam Ltd India
_c1967
300 _a194p.
_ccm.
650 _aTAMIL LITERATURE
942 _hO31,3N163x, K7
_cTEXL
_2cc
999 _c938875
_d938875